[Event "Monarch Assurance Isle of Man 7th"]
[Site "Port Erin IOM"]
[Date "1998.11.08"]
[Round "2"]
[White "Shaw, John"]
[Black "Bourne, James"]
[Result "1-0"]
[WhiteElo "2410"]
[BlackElo "2065"]
[PlyCount "103"]
[EventDate "1998.11.07"]
[EventType "swiss"]
[EventRounds "9"]
[EventCountry "IOM"]

1. e4 c6 2. d4 d5 3. e5 Bf5 4. Nf3 e6 5. Be2 c5 6. O-O Nc6 7. c3 cxd4 8. cxd4
Nge7 9. a3 Nc8 10. b4 Nb6 11. Nbd2 Be7 12. Bb2 O-O 13. Bc3 a6 14. Qb3 a5 15.
bxa5 Nxa5 16. Qb5 Nac4 17. Nxc4 Nxc4 18. Bxc4 dxc4 19. Qxc4 Rxa3 20. Rxa3 Bxa3
21. Qb3 Be7 22. Qxb7 Qc8 23. Qxe7 Qxc3 24. Qg5 Be4 25. Rc1 Qb4 26. Qd2 Qb7 27.
Ne1 h6 28. f3 Bd5 29. Nd3 Rd8 30. Qa5 Ra8 31. Qc3 Qb6 32. Nf4 Rd8 33. Rd1 Bb7
34. Rd2 Qb1+ 35. Kf2 Ba6 36. Rb2 Qf1+ 37. Kg3 Qd1 38. Rb4 Rc8 39. Qe3 Rc1 40.
Rb8+ Kh7 41. Qe4+ g6 42. Qa8 Qe1+ 43. Kh3 Rc8 44. Rxc8 Bxc8 45. Qxc8 g5 46. g3
gxf4 47. Qf8 Qf1+ 48. Kg4 h5+ 49. Kg5 fxg3 50. Qxf7+ Kh8 51. Kh6 Qc1+ 52. f4
1-0

[Event "Monarch Assurance Isle of Man 7th"]
[Site "Port Erin IOM"]
[Date "1998.11.08"]
[Round "2"]
[White "Short, Nigel"]
[Black "Ellison, D George"]
[Result "1-0"]
[WhiteElo "2670"]
[BlackElo "2095"]
[PlyCount "63"]
[EventDate "1998.11.07"]
[EventType "swiss"]
[EventRounds "9"]
[EventCountry "IOM"]

1. e4 c5 2. Nf3 e6 3. d4 cxd4 4. Nxd4 Nf6 5. Nc3 Nc6 6. a3 d5 7. Bb5 Bd7 8.
exd5 exd5 9. O-O Be7 10. h3 O-O 11. Nf3 Be6 12. Bd3 Qd7 13. Re1 Rfe8 14. Bf4 a6
15. Ne5 Nxe5 16. Bxe5 g6 17. Qf3 Nh5 18. Rad1 Qc6 19. Ne2 b5 20. Nd4 Qb6 21. c3
Rad8 22. Re2 Rd7 23. Rde1 Bf8 24. g4 Ng7 25. Qf6 Rb7 26. Bc2 Qc5 27. Kg2 Qe7
28. Qxe7 Rbxe7 29. Bb3 Rd7 30. f4 Bd6 31. Bxg7 Kxg7 32. f5 1-0

[Event "Monarch Assurance Isle of Man 7th"]
[Site "Port Erin IOM"]
[Date "1998.11.08"]
[Round "2"]
[White "Spanton, Tim"]
[Black "Cherniaev, Alexander"]
[Result "0-1"]
[WhiteElo "2115"]
[BlackElo "2415"]
[PlyCount "36"]
[EventDate "1998.11.07"]
[EventType "swiss"]
[EventRounds "9"]
[EventCountry "IOM"]

1. c4 g6 2. Nc3 Bg7 3. g3 e5 4. Bg2 d6 5. e4 Nf6 6. Nge2 O-O 7. O-O c6 8. d3
Na6 9. Rb1 Nc7 10. f4 b5 11. cxb5 cxb5 12. b4 Bb7 13. d4 exd4 14. e5 Bxg2 15.
exf6 Qxf6 16. Kxg2 dxc3 17. Be3 Qe6 18. Bd4 Qe4+ 0-1

[Event "Monarch Assurance Isle of Man 7th"]
[Site "Port Erin IOM"]
[Date "1998.11.08"]
[Round "2"]
[White "Sutovsky, Emil"]
[Black "Summerscale, Aaron"]
[Result "1-0"]
[WhiteElo "2575"]
[BlackElo "2455"]
[PlyCount "85"]
[EventDate "1998.11.07"]
[EventType "swiss"]
[EventRounds "9"]
[EventCountry "IOM"]

1. e4 Nf6 2. e5 Nd5 3. d4 d6 4. Nf3 dxe5 5. Nxe5 g6 6. Bc4 c6 7. O-O Bg7 8. Bb3
O-O 9. Re1 Be6 10. h3 Nd7 11. Nf3 Nc7 12. c4 c5 13. d5 Bf5 14. Nc3 Nf6 15. Bf4
Re8 16. Ne5 Nd7 17. Nxd7 Bxd7 18. Bg5 h6 19. Bh4 g5 20. Bg3 e5 21. Ne4 Bf8 22.
Qh5 Bf5 23. Qf3 Bxe4 24. Qxe4 Bg7 25. Rad1 Qd6 26. Ba4 Re7 27. Re3 Rd8 28. Qf5
a6 29. Bc2 b5 30. b3 Na8 31. Rde1 Rde8 32. h4 f6 33. Qh7+ Kf8 34. hxg5 hxg5 35.
Bg6 Rb8 36. f4 gxf4 37. Bxf4 Reb7 38. Bh6 Bxh6 39. Qh8+ Ke7 40. Rxe5+ fxe5 41.
Rxe5+ Qxe5 42. Qxe5+ Kd8 43. Qd6+ 1-0

[Event "Monarch Assurance Isle of Man 7th"]
[Site "Port Erin IOM"]
[Date "1998.11.08"]
[Round "2"]
[White "Ward, Chris"]
[Black "Gullaksen, Eirik"]
[Result "1-0"]
[WhiteElo "2505"]
[BlackElo "2360"]
[PlyCount "91"]
[EventDate "1998.11.07"]
[EventType "swiss"]
[EventRounds "9"]
[EventCountry "IOM"]

1. d4 Nf6 2. c4 g6 3. Nc3 Bg7 4. e4 d6 5. f3 O-O 6. Nge2 Nc6 7. Be3 a6 8. Qd2
Rb8 9. Nc1 e5 10. d5 Nd4 11. N1e2 c5 12. dxc6 bxc6 13. Nxd4 exd4 14. Bxd4 d5
15. cxd5 cxd5 16. e5 Nd7 17. f4 f6 18. e6 Re8 19. Be2 Nf8 20. f5 gxf5 21. O-O-O
Qa5 22. Bf3 Bxe6 23. Kb1 Red8 24. Ne4 Qxd2 25. Nxd2 Nd7 26. Nb3 f4 27. Ba7 Rb7
28. Bf2 Ne5 29. Nc5 Bf5+ 30. Ka1 Rb5 31. Bxd5+ Kf8 32. Ne6+ Bxe6 33. Bxe6 Rdb8
34. Bb3 Ng4 35. Ba7 R8b7 36. Rd8+ Ke7 37. Rg8 Bh6 38. Rxg4 Rxa7 39. Rh4 Bg7 40.
Rxf4 f5 41. Re1+ Kd8 42. Rd1+ Ke7 43. g4 a5 44. gxf5 Be5 45. f6+ Bxf6 46. Re1+
1-0

[Event "Monarch Assurance Isle of Man 7th"]
[Site "Port Erin IOM"]
[Date "1998.11.10"]
[Round "4"]
[White "Allen, Keith"]
[Black "Maggs, Steven"]
[Result "1-0"]
[WhiteElo "2300"]
[BlackElo "2055"]
[PlyCount "83"]
[EventDate "1998.11.07"]
[EventType "swiss"]
[EventRounds "9"]
[EventCountry "IOM"]

1. d4 Nf6 2. c4 d6 3. Nc3 e5 4. Nf3 Nbd7 5. e4 c6 6. Be2 Qc7 7. O-O Be7 8. h3
O-O 9. Be3 b6 10. Rc1 Bb7 11. a3 c5 12. d5 a6 13. Bd3 g6 14. Bh6 Rfd8 15. Nh2
Nh5 16. Qd2 Ndf6 17. Ne2 Bc8 18. g4 Ng7 19. f4 exf4 20. Qc3 Nge8 21. Rxf4 Nd7
22. Rcf1 Ne5 23. Nf3 f6 24. Kh2 Ng7 25. g5 Nh5 26. gxf6 Bf8 27. Nxe5 dxe5 28.
f7+ Kh8 29. Bxf8 Rxf8 30. R4f2 Qe7 31. Ng1 h6 32. Nf3 Qxf7 33. Nxe5 Qxf2+ 34.
Rxf2 Rxf2+ 35. Kg1 Rf6 36. Ng4 Bxg4 37. hxg4 Rg8 38. gxh5 gxh5+ 39. Kh1 Rgf8
40. e5 Rf3 41. e6+ Kg8 42. e7 1-0

[Event "Monarch Assurance Isle of Man 7th"]
[Site "Port Erin IOM"]
[Date "1998.11.12"]
[Round "6"]
[White "Ehlvest, Jaan"]
[Black "Cherniaev, Alexander"]
[Result "1/2-1/2"]
[WhiteElo "2620"]
[BlackElo "2415"]
[PlyCount "45"]
[EventDate "1998.11.07"]
[EventType "swiss"]
[EventRounds "9"]
[EventCountry "IOM"]

1. d4 Nf6 2. c4 e6 3. Nc3 Bb4 4. e3 b6 5. Bd3 O-O 6. Nge2 d5 7. cxd5 exd5 8. a3
Bxc3+ 9. Nxc3 c5 10. dxc5 bxc5 11. b4 d4 12. Ne4 cxb4 13. axb4 Nc6 14. O-O Nxb4
15. Nxf6+ Qxf6 16. Be4 Ba6 17. Bxa8 Rxa8 18. Rxa6 Nxa6 19. Bb2 Nc5 20. Bxd4 Qf5
21. Qa1 Nb3 22. Qa6 Nxd4 23. exd4 1/2-1/2

[Event "Monarch Assurance Isle of Man 7th"]
[Site "Port Erin IOM"]
[Date "1998.11.12"]
[Round "6"]
[White "Short, Nigel"]
[Black "Tiviakov, Sergei"]
[Result "1-0"]
[WhiteElo "2670"]
[BlackElo "2655"]
[PlyCount "144"]
[EventDate "1998.11.07"]
[EventType "swiss"]
[EventRounds "9"]
[EventCountry "IOM"]

1. e4 c5 2. Nf3 Nc6 3. d4 cxd4 4. Nxd4 g6 5. c4 Nf6 6. Nc3 d6 7. Nc2 Bg7 8. Be2
Nd7 9. Be3 Nc5 10. f3 O-O 11. O-O a5 12. Qd2 a4 13. Na3 Be6 14. Rad1 Qa5 15.
Nab5 Rfc8 16. f4 f6 17. f5 Bf7 18. Qc2 Nd7 19. Qb1 Nce5 20. b3 axb3 21. axb3
Qd8 22. Nd5 Bxd5 23. exd5 Qf8 24. Nd4 Bh6 25. Bf2 Kh8 26. Qc2 Qf7 27. g3 Ra5
28. Qb2 Rca8 29. Ra1 Qg8 30. Rxa5 Rxa5 31. Ra1 Qa8 32. Rxa5 Qxa5 33. fxg6 hxg6
34. b4 Qa8 35. Nb5 b6 36. Nd4 Kg8 37. h4 Qc8 38. Qc2 Qa6 39. Kg2 Qa3 40. Nc6
Kf8 41. h5 Be3 42. hxg6 Bxf2 43. Kxf2 Kg7 44. Nxe7 Qxb4 45. Nf5+ Kxg6 46. Nxd6+
Kg7 47. Nf5+ Kf8 48. Kf1 Ke8 49. d6 Kd8 50. Qe4 Qa4 51. Ne7 Qa3 52. Qd5 Nf8 53.
Nc6+ Nxc6 54. Qxc6 Qc5 55. Qa8+ Qc8 56. Qe4 Qd7 57. c5 Qh3+ 58. Kf2 Qh2+ 59.
Kf1 Qh3+ 60. Kf2 Qh2+ 61. Ke3 Qxg3+ 62. Kd2 Qg5+ 63. Kd3 Ng6 64. Qa8+ Kd7 65.
Qb7+ Ke6 66. Qc8+ Kf7 67. Qc7+ Ke6 68. Qc8+ Kf7 69. Kc2 Ne5 70. Qb7+ Ke6 71.
Qxb6 Kf7 72. Qb3+ Kg7 1-0

[Event "Monarch Assurance Isle of Man 7th"]
[Site "Port Erin IOM"]
[Date "1998.11.12"]
[Round "6"]
[White "Ward, Chris"]
[Black "Sutovsky, Emil"]
[Result "1/2-1/2"]
[WhiteElo "2505"]
[BlackElo "2575"]
[PlyCount "28"]
[EventDate "1998.11.07"]
[EventType "swiss"]
[EventRounds "9"]
[EventCountry "IOM"]

1. d4 Nf6 2. c4 e6 3. Nc3 Bb4 4. Qc2 O-O 5. e4 d5 6. e5 Ne4 7. Bd3 c5 8. cxd5
exd5 9. Nge2 Nc6 10. O-O Bf5 11. Nxe4 dxe4 12. Bxe4 Bxe4 13. Qxe4 cxd4 14. Nf4
Qh4 1/2-1/2

[Event "Monarch Assurance Isle of Man 7th"]
[Site "Port Erin IOM"]
[Date "1998.11.13"]
[Round "7"]
[White "Ledger, Andrew"]
[Black "Gullaksen, Eirik"]
[Result "1-0"]
[WhiteElo "2450"]
[BlackElo "2360"]
[PlyCount "65"]
[EventDate "1998.11.07"]
[EventType "swiss"]
[EventRounds "9"]
[EventCountry "IOM"]

1. e4 e5 2. Bc4 Nf6 3. d3 Nc6 4. Nc3 Bb4 5. Nge2 d5 6. exd5 Nxd5 7. O-O Be6 8.
Bxd5 Bxd5 9. f4 O-O 10. f5 f6 11. Ng3 Bf7 12. Nce4 Bc5+ 13. Kh1 Bb6 14. Qg4 Kh8
15. Bd2 a5 16. Nh5 Bxh5 17. Qxh5 Qd7 18. Bc3 Bd4 19. Rf3 Qf7 20. Qh4 Bxc3 21.
Nxc3 Nd4 22. Rf2 a4 23. a3 Rfd8 24. Re1 Qd7 25. Qh5 Qe8 26. Qg4 c5 27. Re3 b5
28. Ne4 Rac8 29. c3 Nb3 30. Rff3 Rc7 31. Rh3 Rcd7 32. Rxh7+ Kxh7 33. Nxf6+ 1-0

[Event "Monarch Assurance Isle of Man 7th"]
[Site "Port Erin IOM"]
[Date "1998.11.15"]
[Round "9"]
[White "McLean, John"]
[Black "Arkell, Keith C"]
[Result "0-1"]
[WhiteElo "2135"]
[BlackElo "2475"]
[PlyCount "62"]
[EventDate "1998.11.07"]
[EventType "swiss"]
[EventRounds "9"]
[EventCountry "IOM"]

1. e4 c6 2. d4 d5 3. e5 c5 4. dxc5 Nc6 5. Bb5 e6 6. Be3 Nge7 7. c3 Bd7 8. Bxc6
Bxc6 9. Nf3 Nf5 10. Bd4 Nxd4 11. cxd4 b6 12. cxb6 Qxb6 13. O-O Qxb2 14. Nc3 Ba3
15. Qd3 Qb4 16. Rfb1 Qa5 17. Nb5 Bxb5 18. Rxb5 Qa4 19. Rab1 O-O 20. Ng5 g6 21.
Qh3 h5 22. Nxe6 fxe6 23. Qxe6+ Kg7 24. Rxd5 Qc2 25. Rf1 Rab8 26. Rd7+ Kh6 27.
Rf7 Rb1 28. g3 Rxf1+ 29. Kxf1 Qb1+ 30. Kg2 Qe4+ 31. Kh3 Qg4+ 0-1